000 00889nam a2200205 a 4500
001 000028144
003 OSt
005 20240307073947.0
008 110407s1993 dr 000 0 spa d
040 _aDO-SdBNP
_bspa
_cBNPHU
082 _a378.7293
_bD611i
245 0 0 _aDiscursos e intervenciones en el solemne acto de investidura como doctores honoris causa de nuestra Universidad de Sor Águeda Rodríguez, Fray Vicnete Rubio, Oswaldo Guayasamín y Juan Bosch. /.
260 _aSanto Domingo, :
_bUniversitaria - UASD,
_c1993.
300 _a61 p. ;
_c21 cm.
490 1 _aPublicaciones de la Universidad Autónoma de Santo Domingo;
_aActos Académicos
_v714/21
590 _aInventariado, 2019/VM
710 1 _aUniversidad Autónoma de Santo Domingo
_972951
830 0 _aPublicaciones de la Universidad Autónoma de Santo Domingo
_pActos Académicos
_n714/21
_955146
942 _2ddc
_cLBS1
999 _c27636
_d27636